000 00194 a2200097 4500
001 2838
100 _aBrowning, R
245 _aPoetry & Prose
260 _a
_bClarendon
_c
090 _c2133
_d2133
942 _aNUST-CAE
_cM
_c12592
999 _c237911
_d237911